MARC details
| 000 -LEADER |
| fixed length control field |
02482cam a2200601Ii 4500 |
| 001 - CONTROL NUMBER |
| control field |
on1394897208 |
| 003 - CONTROL NUMBER IDENTIFIER |
| control field |
OCoLC |
| 005 - DATE AND TIME OF LATEST TRANSACTION |
| control field |
20231017181337.0 |
| 008 - FIXED-LENGTH DATA ELEMENTS--GENERAL INFORMATION |
| fixed length control field |
230822t20232023nyua b 6 000 1 eng d |
| 020 ## - INTERNATIONAL STANDARD BOOK NUMBER |
| International Standard Book Number |
9781665935401 |
| Qualifying information |
(hardcover) |
| 020 ## - INTERNATIONAL STANDARD BOOK NUMBER |
| International Standard Book Number |
1665935405 |
| Qualifying information |
(hardcover) |
| 020 ## - INTERNATIONAL STANDARD BOOK NUMBER |
| International Standard Book Number |
9781665935395 |
| Qualifying information |
(paperback) |
| 020 ## - INTERNATIONAL STANDARD BOOK NUMBER |
| International Standard Book Number |
1665935391 |
| Qualifying information |
(paperback) |
| 020 ## - INTERNATIONAL STANDARD BOOK NUMBER |
| International Standard Book Number |
9781518293320 |
| Qualifying information |
(Follett binding) |
| 020 ## - INTERNATIONAL STANDARD BOOK NUMBER |
| International Standard Book Number |
1518293328 |
| Qualifying information |
(Follett binding) |
| 029 1# - (OCLC) |
| OCLC library identifier |
AU@ |
| System control number |
000075112730 |
| 035 ## - SYSTEM CONTROL NUMBER |
| System control number |
(OCoLC)1394897208 |
| Canceled/invalid control number |
(OCoLC)1395471014 |
| 040 ## - CATALOGING SOURCE |
| Original cataloging agency |
JQR |
| Language of cataloging |
eng |
| Description conventions |
rda |
| Transcribing agency |
JQR |
| Modifying agency |
JQR |
| -- |
CHY |
| -- |
GZD |
| -- |
BDX |
| -- |
BKL |
| -- |
JQW |
| -- |
JTH |
| -- |
SDG |
| -- |
OCLCO |
| -- |
UOK |
| 049 ## - LOCAL HOLDINGS (OCLC) |
| Holding library |
UOKA |
| 050 14 - LIBRARY OF CONGRESS CALL NUMBER |
| Classification number |
PZ7.7.C66828 |
| Item number |
St 2023 |
| 082 04 - DEWEY DECIMAL CLASSIFICATION NUMBER |
| Classification number |
741.5/973 |
| Edition number |
23/eng/20230817 |
| 092 ## - LOCALLY ASSIGNED DEWEY CALL NUMBER (OCLC) |
| Classification number |
children graphic |
| Item number |
Cooper |
| 100 1# - MAIN ENTRY--PERSONAL NAME |
| Personal name |
Cooper, Jay, |
| Dates associated with a name |
1974- |
| Relator term |
author, |
| -- |
artist. |
| 9 (RLIN) |
6466230 |
| 245 10 - TITLE STATEMENT |
| Title |
Styx and Scones in the cracked crystal / |
| Statement of responsibility, etc |
written and illustrated by Jay Cooper. |
| 246 30 - VARYING FORM OF TITLE |
| Title proper/short title |
Cracked crystal |
| 250 ## - EDITION STATEMENT |
| Edition statement |
Simon Spotlight edition. |
| 264 #1 - Production, Publication, Distribution, Manufacture, and Copyright Notice. |
| Place of production, publication, distribution, manufacture |
New York : |
| Name of producer, publisher, distributor, manufacturer |
Simon Spotlight, |
| Date of production, publication, distribution, manufacture, or copyr |
2023 |
| 264 #4 - Production, Publication, Distribution, Manufacture, and Copyright Notice. |
| Date of production, publication, distribution, manufacture, or copyr |
�2023 |
| 300 ## - PHYSICAL DESCRIPTION |
| Extent |
1 volume (unpaged) : |
| Other physical details |
chiefly color illustrations ; |
| Dimensions |
24 cm |
| 336 ## - Content Type |
| Content type term |
text |
| 336 ## - Content Type |
| Content type term |
still image |
| 337 ## - Media type |
| Media type term |
unmediated |
| 338 ## - Carrier type |
| Carrier type term |
volume |
| 490 1# - SERIES STATEMENT |
| Series statement |
Ready-to-read graphics. Level 2 |
| 520 ## - SUMMARY, ETC. |
| Summary, etc |
"Styx the cat and Scones the dog live with two friendly witches. When the witches are out, the pets play fetch with their crystal ball. Then it cracks, sprouts legs, and runs off! Can they catch it before the witches get home?"-- |
| 521 1# - TARGET AUDIENCE NOTE |
| Target audience note |
5-7 years. |
| 521 2# - TARGET AUDIENCE NOTE |
| Target audience note |
Kindergarten-2. |
| 650 #0 - SUBJECT ADDED ENTRY--TOPICAL TERM |
| Topical term or geographic name as entry element |
Dogs |
| Form subdivision |
Comic books, strips, etc. |
| 9 (RLIN) |
5688308 |
| 650 #0 - SUBJECT ADDED ENTRY--TOPICAL TERM |
| Topical term or geographic name as entry element |
Cats |
| Form subdivision |
Comic books, strips, etc. |
| 9 (RLIN) |
5686642 |
| 650 #0 - SUBJECT ADDED ENTRY--TOPICAL TERM |
| Topical term or geographic name as entry element |
Witches |
| Form subdivision |
Comic books, strips, etc. |
| 9 (RLIN) |
5688331 |
| 650 #0 - SUBJECT ADDED ENTRY--TOPICAL TERM |
| Topical term or geographic name as entry element |
Crystal gazing |
| Form subdivision |
Comic books, strips, etc. |
| 9 (RLIN) |
6475401 |
| 650 #0 - SUBJECT ADDED ENTRY--TOPICAL TERM |
| Topical term or geographic name as entry element |
Dogs |
| Form subdivision |
Juvenile fiction |
| 9 (RLIN) |
5674840 |
| 650 #0 - SUBJECT ADDED ENTRY--TOPICAL TERM |
| Topical term or geographic name as entry element |
Cats |
| Form subdivision |
Juvenile fiction |
| 9 (RLIN) |
5674206 |
| 650 #0 - SUBJECT ADDED ENTRY--TOPICAL TERM |
| Topical term or geographic name as entry element |
Witches |
| Form subdivision |
Juvenile fiction |
| 9 (RLIN) |
5673737 |
| 650 #0 - SUBJECT ADDED ENTRY--TOPICAL TERM |
| Topical term or geographic name as entry element |
Crystal gazing |
| Form subdivision |
Juvenile fiction. |
| 9 (RLIN) |
6475402 |
| 650 #1 - SUBJECT ADDED ENTRY--TOPICAL TERM |
| Topical term or geographic name as entry element |
Cartoons and comics |
| 655 #7 - INDEX TERM--GENRE/FORM |
| Genre/form data or focus term |
Readers (Publications) |
| Source of term |
lcgft |
| 9 (RLIN) |
5726093 |
| 655 #7 - INDEX TERM--GENRE/FORM |
| Genre/form data or focus term |
Animal fiction |
| Source of term |
lcgft |
| 9 (RLIN) |
5748285 |
| 655 #7 - INDEX TERM--GENRE/FORM |
| Genre/form data or focus term |
Graphic novels |
| Source of term |
lcgft |
| 710 2# - ADDED ENTRY--CORPORATE NAME |
| Corporate name or jurisdiction name as entry element |
Simon and Schuster, Inc. |
| Subordinate unit |
Children's Publishing Division |
| Relator term |
publisher. |
| 9 (RLIN) |
6472443 |
| 830 #0 - SERIES ADDED ENTRY--UNIFORM TITLE |
| Uniform title |
Ready-to-read graphics. |
| Number of part/section of a work |
Level two, |
| Name of part/section of a work |
Superstar reader! |
| 9 (RLIN) |
6471682 |
| 942 ## - ADDED ENTRY ELEMENTS (KOHA) |
| Source of classification or shelving scheme |
Dewey Decimal Classification |
| Koha item type |
BOOK |